| 000 | 01181cam a2200277 i 4500 | ||
|---|---|---|---|
| 003 | SA-RiAUC | ||
| 005 | 20241009132731.0 | ||
| 008 | 241001s1971 sj g 00000cara c | ||
| 040 |
_aSA-JeALM _bara _cSA-RiAUC _erda |
||
| 043 | _af-sj--- | ||
| 082 | 0 | 4 | _a920.0624 |
| 090 |
_a920.0624 _bو د ض |
||
| 100 | 1 |
_aود ضيف الله، محمد بن ضيف الله بن محمد، _d1139-1224 هجري _eمؤلف. |
|
| 245 | 1 | 2 |
_aالطبقات في خصوص الأولياء والصالحين والعلماء والشعراء في السودان / _cتأليف محمد ضيف الله بن محمد ؛ تحقيق وتعليق يوسف فضل حسن. |
| 250 | _aالطبعة الثانية | ||
| 264 | 1 |
_aالخرطوم : _bجامعة الخرطوم، _c1974 |
|
| 300 |
_a422 صفحة ؛ _c27 سم. |
||
| 336 |
_aنص _btxt _2rdacontent _3كتاب |
||
| 337 |
_aبدون وسيط _bn _2rdamedia |
||
| 338 |
_aمجلد _bnc _2rdacarrier |
||
| 440 | 0 |
_aمكتبة الدراسات السودانية _v1 |
|
| 651 | 7 |
_aالسودان _vتراجم _2aucsh |
|
| 700 | 1 |
_aحسن، يوسف فضل _eمحقق. |
|
| 942 |
_2ddc _cBOOK _n0 |
||
| 949 |
_aSA-JeALM _d241001 _umohamedma123 _n1 |
||
| 999 |
_c1075 _d1075 |
||